[Event "CAN-op"]
[Site "Vancouver CAN"]
[Date "1999.07.02"]
[Round "1"]
[White "Hoshizaki, Dale"]
[Black "Basanta, Gary"]
[Result "0-1"]
[WhiteElo "2076"]
[BlackElo "2394"]
[PlyCount "52"]
[GameId "2160767911742996"]
[EventDate "1999.07.02"]
[EventType "swiss"]
[EventRounds "11"]
[EventCountry "CAN"]
[SourceTitle "CA OP"]
[Source "ade"]

1. d4 c5 2. d5 Nf6 3. c4 b5 4. a4 b4 5. g3 g6 6. Bg2 Bg7 7. e4 d6 8. Ne2 h5 9. O-O h4 10. f4 Bg4 11. Qd3 Nh5 12. Bf3 Bh3 13. g4 Bxf1 14. Kxf1 Nf6 15. e5 dxe5 16. fxe5 Nfd7 17. e6 Ne5 18. exf7+ Kxf7 19. Qe4 Rf8 20. Bg2 Kg8+ 21. Kg1 Qe8 22. Be3 h3 23. Bh1 Qc8 24. d6 exd6 25. Qxa8 Qxg4+ 26. Bg2 Nf3+ 0-1

[Event "CAN-op"]
[Site "Vancouver CAN"]
[Date "1999.07.02"]
[Round "1"]
[White "Ivankovic, Goran"]
[Black "Quiring, John"]
[Result "1-0"]
[WhiteElo "1844"]
[BlackElo "2012"]
[PlyCount "67"]
[GameId "2160767911742997"]
[EventDate "1999.07.02"]
[EventType "swiss"]
[EventRounds "11"]
[EventCountry "CAN"]
[SourceTitle "CA OP"]
[Source "ade"]

1. Nf3 Nf6 2. b3 d5 3. Bb2 Bf5 4. d3 e6 5. Nh4 Bg6 6. g3 Nbd7 7. Bg2 Bd6 8. Nd2 c6 9. O-O Bh5 10. c4 O-O 11. d4 e5 12. Nf5 Bc7 13. cxd5 Nxd5 14. Nc4 Qf6 15. Nfe3 Nxe3 16. Nxe3 exd4 17. Bxd4 Be5 18. Bxe5 Nxe5 19. Qc2 Rad8 20. Be4 Bg6 21. Bxg6 Qxg6 22. Qxg6 Nxg6 23. Rfd1 Rfe8 24. Rxd8 Rxd8 25. Rd1 Rxd1+ 26. Nxd1 f6 27. e4 Kf7 28. Kf1 Ke6 29. Ke2 Kd6 30. f4 a5 31. Ne3 b5 32. Nf5+ Kc5 33. Kd3 Kb4 34. Kc2 1-0

[Event "CAN-op"]
[Site "Vancouver CAN"]
[Date "1999.07.02"]
[Round "1"]
[White "Lapides, Andrew"]
[Black "Brodie, Hugh"]
[Result "1-0"]
[WhiteElo "2278"]
[BlackElo "1990"]
[PlyCount "89"]
[GameId "2160767911742998"]
[EventDate "1999.07.02"]
[EventType "swiss"]
[EventRounds "11"]
[EventCountry "CAN"]

1. e4 c5 2. Nc3 Nc6 3. g3 g6 4. Bg2 Bg7 5. d3 d6 6. Be3 e6 7. f4 Nge7 8. Nf3 Nd4 9. O-O O-O 10. e5 Nef5 11. Bf2 dxe5 12. Nxe5 Qc7 13. Ne4 Nd6 14. c3 Nxe4 15. dxe4 Nb5 16. Qd3 a6 17. a4 Na7 18. Qc4 b6 19. a5 b5 20. Qxc5 Bxe5 21. fxe5 Qxc5 22. Bxc5 Rd8 23. b4 Bb7 24. Rad1 Nc6 25. Rxd8+ Rxd8 26. Bd6 Rd7 27. Rf2 Ba8 28. Kf1 Nd8 29. Ke2 Nc6 30. Ke3 Bb7 31. Bf1 Rd8 32. Rd2 Rd7 33. g4 Rd8 34. g5 Rd7 35. c4 bxc4 36. Bxc4 Rd8 37. Bb3 Na7 38. Ba4 Nc6 39. Rc2 Rc8 40. h4 Kg7 41. Rc4 Na7 42. Rxc8 Bxc8 43. Bb8 Nb5 44. Bxb5 axb5 45. Bd6 1-0

[Event "CAN-op"]
[Site "Vancouver CAN"]
[Date "1999.07.02"]
[Round "1"]
[White "Milat, Marcel"]
[Black "Zybura, Andre"]
[Result "1-0"]
[WhiteElo "2372"]
[BlackElo "2055"]
[PlyCount "39"]
[GameId "2160767911742999"]
[EventDate "1999.07.02"]
[EventType "swiss"]
[EventRounds "11"]
[EventCountry "CAN"]
[SourceTitle "CA OP"]
[Source "ade"]

1. e4 c5 2. Nc3 e6 3. Nge2 Nc6 4. d4 cxd4 5. Nxd4 d6 6. g3 Nge7 7. Nb3 Na5 8. Bg2 Nxb3 9. axb3 Nc6 10. O-O Be7 11. Be3 O-O 12. Na4 b5 13. Nb6 Rb8 14. Nxc8 Qxc8 15. Qe2 e5 16. Rfd1 Nd4 17. Bxd4 exd4 18. Rxd4 Bf6 19. e5 Qc5 20. Rd5 1-0

[Event "CAN-op"]
[Site "Vancouver CAN"]
[Date "1999.07.02"]
[Round "1"]
[White "Milicevic, Dragoljub"]
[Black "Chapman, Erik"]
[Result "1-0"]
[WhiteElo "2311"]
[BlackElo "2023"]
[PlyCount "79"]
[GameId "2160767911743000"]
[EventDate "1999.07.02"]
[EventType "swiss"]
[EventRounds "11"]
[EventCountry "CAN"]
[SourceTitle "CA OP"]
[Source "ade"]

1. c4 e5 2. g3 Nc6 3. Bg2 f5 4. d3 Nf6 5. Nc3 Bc5 6. e3 O-O 7. Nge2 d6 8. O-O Ne7 9. d4 Bb6 10. b4 c6 11. Bb2 Bc7 12. Rc1 Qe8 13. b5 Qh5 14. Na4 Ng4 15. h3 Nh6 16. f4 e4 17. d5 c5 18. Qd2 Qg6 19. Bc3 b6 20. Nb2 Bb7 21. a4 Rae8 22. Ra1 Bb8 23. a5 Nf7 24. Na4 Bc7 25. Rfb1 h5 26. Kh2 Nh6 27. Ra2 Kf7 28. Rba1 Rh8 29. Nb2 Bb8 30. Nd1 h4 31. gxh4 Nhg8 32. Qe1 Rh6 33. Qg3 Qh7 34. Be1 Ng6 35. Nec3 Nxh4 36. axb6 axb6 37. Ra6 Bxa6 38. Rxa6 Nf6 39. Rxb6 Ke7 40. Rb7+ 1-0

[Event "CAN-op"]
[Site "Vancouver CAN"]
[Date "1999.07.02"]
[Round "1"]
[White "O'Donnell, Tom"]
[Black "Franett, Michael"]
[Result "1-0"]
[WhiteElo "2489"]
[BlackElo "2097"]
[PlyCount "63"]
[GameId "2160767911743001"]
[EventDate "1999.07.02"]
[EventType "swiss"]
[EventRounds "11"]
[EventCountry "CAN"]
[SourceTitle "CA OP"]
[Source "ade"]

1. e4 d5 2. exd5 Qxd5 3. Nc3 Qd6 4. Bc4 Nf6 5. Nge2 a6 6. d4 b5 7. Bb3 Bb7 8. f3 e6 9. Bf4 Qb6 10. a4 Bd6 11. Bxd6 cxd6 12. axb5 axb5 13. Rxa8 Bxa8 14. Qd3 Bc6 15. Ne4 d5 16. Nxf6+ gxf6 17. O-O b4 18. Ra1 Bb5 19. Qxb5+ Qxb5 20. Ba4 Qd7 21. Bxd7+ Kxd7 22. Ra7+ Kd6 23. Rxf7 Nd7 24. c3 bxc3 25. bxc3 h5 26. h4 e5 27. Kf2 Ke6 28. Rg7 Rh6 29. f4 Nf8 30. fxe5 fxe5 31. dxe5 Ng6 32. Rxg6+ 1-0

[Event "CAN-op"]
[Site "Vancouver CAN"]
[Date "1999.07.02"]
[Round "1"]
[White "Spraggett, Kevin"]
[Black "Willis, Bradley"]
[Result "1-0"]
[WhiteElo "2645"]
[BlackElo "2100"]
[PlyCount "67"]
[GameId "2160767911743002"]
[EventDate "1999.07.02"]
[EventType "swiss"]
[EventRounds "11"]
[EventCountry "CAN"]
[SourceTitle "CA OP"]
[Source "ade"]

1. d4 Nf6 2. c4 e6 3. Nf3 c5 4. d5 d6 5. Nc3 exd5 6. cxd5 g6 7. Nd2 Na6 8. e4 Nc7 9. Be2 Bg7 10. O-O O-O 11. a4 b6 12. Kh1 a6 13. Nc4 b5 14. axb5 axb5 15. Rxa8 Nxa8 16. Nxb5 Nxe4 17. Bf4 Ba6 18. Nbxd6 Bxc4 19. Nxc4 Bd4 20. Be3 Qxd5 21. f3 Nd6 22. Nxd6 Qxd6 23. Bh6 Rd8 24. b3 Nb6 25. Bg5 Ra8 26. Qc2 Nd5 27. Bc4 Re8 28. Qd2 Nc7 29. f4 Ne6 30. f5 Nxg5 31. Qxg5 Qe7 32. f6 Qe3 33. Qg4 Qh6 34. Bxf7+ 1-0

[Event "CAN-op"]
[Site "Vancouver CAN"]
[Date "1999.07.02"]
[Round "1"]
[White "Vigier, Gerry"]
[Black "Haukenfrers, Dale"]
[Result "1/2-1/2"]
[WhiteElo "1951"]
[BlackElo "2184"]
[PlyCount "86"]
[GameId "2160767911743003"]
[EventDate "1999.07.02"]
[EventType "swiss"]
[EventRounds "11"]
[EventCountry "CAN"]
[SourceTitle "CA OP"]
[Source "ade"]

1. c4 Nf6 2. Nc3 d5 3. cxd5 Nxd5 4. g3 c5 5. Bg2 Nc7 6. Nf3 Nc6 7. O-O e5 8. Ne1 Bd7 9. f4 g6 10. b3 Bg7 11. Bb2 O-O 12. Rc1 exf4 13. gxf4 Re8 14. Nf3 Qe7 15. e3 Rad8 16. Na4 b6 17. Bxg7 Kxg7 18. Nc3 Bg4 19. a3 Rd6 20. Qc2 Bf5 21. Qb2 f6 22. Ne1 Na5 23. e4 Be6 24. e5 fxe5 25. fxe5 Rd4 26. Nf3 Rg4 27. b4 Nc4 28. Qa1 Rd8 29. Rf2 Rd3 30. Kh1 Qd7 31. bxc5 Rxg2 32. Kxg2 Bh3+ 33. Kh1 Qc6 34. e6 Kh6 35. Nd5 Qxd5 36. Qf6 Nxe6 37. Qh4+ Kg7 38. Qxc4 Qf5 39. Rc3 Nxc5 40. Rxd3 Nxd3 41. Qd4+ Kg8 42. Qd8+ Kg7 43. Qd4+ Kg8 1/2-1/2

[Event "CAN-op"]
[Site "Vancouver CAN"]
[Date "1999.07.02"]
[Round "1"]
[White "Yoos, John"]
[Black "Jiganchine, Roman"]
[Result "1-0"]
[WhiteElo "2443"]
[BlackElo "2083"]
[PlyCount "43"]
[GameId "2160767911743004"]
[EventDate "1999.07.02"]
[EventType "swiss"]
[EventRounds "11"]
[EventCountry "CAN"]
[SourceTitle "CA OP"]
[Source "ade"]

1. e4 e5 2. f4 Bc5 3. Nf3 d6 4. c3 Bb6 5. d4 exd4 6. cxd4 Nf6 7. e5 dxe5 8. fxe5 Nd5 9. Nc3 O-O 10. Bg5 Nxc3 11. bxc3 Qd5 12. Bd3 Bg4 13. Qc2 f5 14. exf6 Bxf3 15. Bxh7+ Kh8 16. fxg7+ Kxg7 17. Qg6+ Kh8 18. Bf6+ Rxf6 19. Qxf6+ Kxh7 20. O-O Bh5 21. Rf5 Qf7 22. Qe5 1-0

[Event "CAN-op"]
[Site "Vancouver CAN"]
[Date "1999.07.03"]
[Round "2"]
[White "Brodie, Hugh"]
[Black "Slambor, Jiri"]
[Result "1/2-1/2"]
[WhiteElo "1990"]
[BlackElo "1793"]
[PlyCount "100"]
[GameId "2160767911743005"]
[EventDate "1999.07.02"]
[EventType "swiss"]
[EventRounds "11"]
[EventCountry "CAN"]

1. e4 e6 2. d4 d5 3. e5 c5 4. c3 f6 5. Nf3 c4 6. Be2 Nc6 7. exf6 Nxf6 8. b3 b5 9. a4 b4 10. bxc4 bxc3 11. O-O Bb4 12. cxd5 Nxd5 13. Bb5 Bd7 14. Bxc6 Bxc6 15. Ne5 Ne7 16. Qh5+ g6 17. Nxc6 Nxc6 18. Qb5 Qd5 19. Qxd5 exd5 20. Be3 Kd7 21. Rc1 Na5 22. Nxc3 Bxc3 23. Rxc3 Rhc8 24. Rac1 Rc4 25. Rxc4 Nxc4 26. Rb1 Rc8 27. Rb5 Ke6 28. Rb7 a5 29. Rxh7 Kf5 30. Re7 Kf6 31. Rd7 Ke6 32. Ra7 Kf5 33. h3 Ke4 34. Re7+ Kd3 35. Re6 Rb8 36. Rxg6 Nxe3 37. fxe3 Kxe3 38. Ra6 Rb1+ 39. Kh2 Kxd4 40. Rxa5 Kc4 41. Ra8 d4 42. a5 d3 43. a6 Ra1 44. a7 d2 45. Rc8+ Kb3 46. Rd8 Kc2 47. Rc8+ Kb2 48. Rb8+ Kc2 49. Rc8+ Kb2 50. Rd8 Kc2 1/2-1/2

[Event "CAN-op"]
[Site "Vancouver CAN"]
[Date "1999.07.03"]
[Round "2"]
[White "Dornieden, Manfred"]
[Black "Yoos, John"]
[Result "0-1"]
[WhiteElo "2263"]
[BlackElo "2302"]
[PlyCount "60"]
[GameId "2160767911743006"]
[EventDate "1999.07.02"]
[EventType "swiss"]
[EventRounds "11"]
[EventCountry "CAN"]
[SourceTitle "EXT 2000"]
[Source "ChessBase"]
[SourceDate "1999.11.18"]
[SourceVersion "1"]
[SourceVersionDate "1999.11.18"]
[SourceQuality "1"]

1. c4 g6 2. g3 d6 3. Bg2 Bg7 4. Nf3 Nf6 5. O-O O-O 6. Nc3 Nc6 7. Rb1 e5 8. d3 h6 9. b4 a6 10. a4 Be6 11. b5 axb5 12. axb5 Ne7 13. Bb2 Qd7 14. Ra1 Rab8 15. Qd2 Bh3 16. c5 Bxg2 17. Kxg2 Ne8 18. cxd6 Nxd6 19. Rfb1 Rfe8 20. Ne4 Nef5 21. Nc5 Qe7 22. e4 Nxb5 23. Qb4 Nfd6 24. Bxe5 Bxe5 25. Nxe5 Qxe5 26. Nd7 c5 27. Qe1 Qd4 28. Nxb8 Rxb8 29. Ra5 Qxd3 30. Rd1 Qxe4+ 0-1

[Event "CAN-op"]
[Site "Vancouver CAN"]
[Date "1999.07.03"]
[Round "2"]
[White "Fuentebella, Mayo"]
[Black "Neufahrt, Gerhard"]
[Result "1-0"]
[WhiteElo "2332"]
[BlackElo "2136"]
[PlyCount "79"]
[GameId "2160767911743007"]
[EventDate "1999.07.02"]
[EventType "swiss"]
[EventRounds "11"]
[EventCountry "CAN"]
[SourceTitle "CA OP"]
[Source "ade"]

1. Nf3 g6 2. c4 d6 3. d4 Bg7 4. Nc3 Nc6 5. h3 e5 6. Bg5 f6 7. Bc1 Nxd4 8. Nxd4 exd4 9. Qxd4 Ne7 10. Bf4 O-O 11. Qd2 b6 12. e4 Bb7 13. Bh6 Bxh6 14. Qxh6 f5 15. Bd3 fxe4 16. Bxe4 Bxe4 17. Nxe4 Nf5 18. Qd2 d5 19. cxd5 Re8 20. f3 Ng3 21. O-O-O Nxe4 22. fxe4 Rxe4 23. Rhf1 Qd6 24. Rf2 Rd8 25. Qc3 Re5 26. Rfd2 Rde8 27. a3 Re1 28. Rxe1 Rxe1+ 29. Kc2 Qf4 30. Kb3 Re3 31. Rd3 Rxd3 32. Qxd3 Qd6 33. Qe4 Kf7 34. Kc4 Qc5+ 35. Kd3 Qd6 36. b4 a6 37. Kc4 b5+ 38. Kd3 Kf6 39. Qh4+ Ke5 40. Qg5# 1-0

[Event "CAN-op"]
[Site "Vancouver CAN"]
[Date "1999.07.03"]
[Round "2"]
[White "Gross, Ronald"]
[Black "Milicevic, Dragoljub"]
[Result "0-1"]
[WhiteElo "2185"]
[BlackElo "2226"]
[PlyCount "78"]
[GameId "2160767911743008"]
[EventDate "1999.07.02"]
[EventType "swiss"]
[EventRounds "11"]
[EventCountry "CAN"]
[SourceTitle "EXT 2000"]
[Source "ChessBase"]
[SourceDate "1999.11.18"]
[SourceVersion "1"]
[SourceVersionDate "1999.11.18"]
[SourceQuality "1"]

1. d4 f5 2. Nc3 d5 3. e4 dxe4 4. Bf4 Nf6 5. f3 c6 6. fxe4 fxe4 7. Bc4 Bg4 8. Nge2 b5 9. Bb3 a5 10. a3 Qd7 11. O-O Na6 12. Qe1 e6 13. Rd1 a4 14. Ba2 Be7 15. h3 Bh5 16. g4 Bg6 17. Ng3 O-O 18. Ncxe4 Nd5 19. Qd2 Nxf4 20. Rxf4 Nc7 21. Rdf1 Rxf4 22. Rxf4 Nd5 23. Rf1 Qc7 24. Kg2 Bh4 25. Rf3 Re8 26. Bxd5 exd5 27. Nc5 h6 28. c3 Qe7 29. Nd3 Be4 30. Nxe4 dxe4 31. Re3 Bg5 32. Ne5 Qd6 33. Qe2 Bxe3 34. Qxe3 Qd5 35. Kg3 c5 36. h4 cxd4 37. cxd4 Rd8 38. Qf4 Rf8 39. Qe3 Qb3 0-1

[Event "CAN-op"]
[Site "Vancouver CAN"]
[Date "1999.07.03"]
[Round "2"]
[White "Gufeld, Eduard"]
[Black "Lapides, Andrew"]
[Result "1-0"]
[WhiteElo "2463"]
[BlackElo "2278"]
[PlyCount "31"]
[GameId "2160767911743009"]
[EventDate "1999.07.02"]
[EventType "swiss"]
[EventRounds "11"]
[EventCountry "CAN"]
[SourceTitle "CA OP"]
[Source "ade"]

1. e4 e6 2. Nf3 d5 3. Nc3 d4 4. Ne2 Nc6 5. c3 e5 6. cxd4 exd4 7. Qa4 Bc5 8. b4 Bxb4 9. Nexd4 Be7 10. Bb5 Bd7 11. Nxc6 bxc6 12. Bxc6 Nf6 13. Ne5 Bxc6 14. Qxc6+ Kf8 15. Rb1 Rb8 16. Qc4 1-0

[Event "CAN-op"]
[Site "Vancouver CAN"]
[Date "1999.07.03"]
[Round "2"]
[White "Harmon, Clark"]
[Black "O'Donnell, Tom"]
[Result "1/2-1/2"]
[WhiteElo "2180"]
[BlackElo "2355"]
[PlyCount "44"]
[GameId "2160767911743010"]
[EventDate "1999.07.02"]
[EventType "swiss"]
[EventRounds "11"]
[EventCountry "CAN"]
[SourceTitle "EXT 2000"]
[Source "ChessBase"]
[SourceDate "1999.11.18"]
[SourceVersion "1"]
[SourceVersionDate "1999.11.18"]
[SourceQuality "1"]

1. d4 d5 2. Nf3 e6 3. Bf4 Nf6 4. e3 Be7 5. Bd3 O-O 6. Nbd2 c5 7. c3 b6 8. Ne5 Bb7 9. Qf3 Nbd7 10. h4 cxd4 11. exd4 Nxe5 12. dxe5 Nd7 13. Bxh7+ Kxh7 14. Qh5+ Kg8 15. Nf3 Ba6 16. Rd1 f6 17. Ng5 fxg5 18. hxg5 Rf5 19. Qh8+ Kf7 20. Qh5+ Kg8 21. Qh8+ Kf7 22. Qh5+ Kg8 1/2-1/2

[Event "CAN-op"]
[Site "Vancouver CAN"]
[Date "1999.07.03"]
[Round "2"]
[White "Harris, Philip"]
[Black "Purdy, Warren"]
[Result "1-0"]
[WhiteElo "2089"]
[BlackElo "1850"]
[PlyCount "51"]
[GameId "2160767911743011"]
[EventDate "1999.07.02"]
[EventType "swiss"]
[EventRounds "11"]
[EventCountry "CAN"]
[SourceTitle "EXT 2022"]
[Source "ChessBase"]
[SourceDate "2021.10.06"]
[SourceVersion "1"]
[SourceVersionDate "2021.10.06"]
[SourceQuality "1"]

1. e4 c5 2. c3 d6 3. d4 b6 4. Nf3 e6 5. Bd3 Nc6 6. O-O Nf6 7. Qe2 Be7 8. Bg5 h6 9. Bxf6 gxf6 10. Nbd2 h5 11. Rfd1 Qc7 12. a4 h4 13. Rab1 a5 14. Bb5 Bd7 15. Nf1 O-O-O 16. b4 Nb8 17. bxa5 Bxb5 18. Rxb5 Rdg8 19. Rdb1 d5 20. Rxb6 Bd6 21. Rxb8+ Qxb8 22. Rxb8+ Kxb8 23. dxc5 Bc7 24. Nd4 Kc8 25. Qa6+ Kd7 26. Qc6+ 1-0

[Event "CAN-op"]
[Site "Vancouver CAN"]
[Date "1999.07.03"]
[Round "2"]
[White "Heywood, Bill"]
[Black "Levtchouk, George"]
[Result "0-1"]
[WhiteElo "2069"]
[BlackElo "2375"]
[PlyCount "80"]
[GameId "2160767911743012"]
[EventDate "1999.07.02"]
[EventType "swiss"]
[EventRounds "11"]
[EventCountry "CAN"]
[SourceTitle "hb 2011"]

1. e4 g6 2. d4 Bg7 3. Nc3 d6 4. g3 Nc6 5. Be3 e5 6. d5 Nd4 7. Bg2 c6 8. h3 Qa5 9. Nge2 Nxe2 10. Qxe2 cxd5 11. exd5 Bd7 12. O-O f5 13. Qd2 Nf6 14. Ne4 Qxd2 15. Nxf6+ Bxf6 16. Bxd2 b5 17. c3 g5 18. Bf3 h5 19. Bd1 g4 20. h4 Ke7 21. Re1 Rhb8 22. Bc2 Kf7 23. Reb1 Bd8 24. Be3 Bb6 25. Bxb6 axb6 26. Kf1 Kf6 27. Ke2 e4 28. Ke3 Ke5 29. Rd1 Rc8 30. Rd4 Rc5 31. Bb3 Rf8 32. Rad1 f4+ 33. gxf4+ Rxf4 34. Rh1 Rf3+ 35. Ke2 Rh3 36. Rdd1 Rc8 37. Rxh3 gxh3 38. Rg1 Bg4+ 39. Ke3 Rf8 40. Bd1 Rf3+ 0-1

[Event "CAN-op"]
[Site "Vancouver CAN"]
[Date "1999.07.03"]
[Round "2"]
[White "Hua, Lefong"]
[Black "Ehrman, Carl"]
[Result "1-0"]
[WhiteElo "2359"]
[BlackElo "2197"]
[PlyCount "149"]
[GameId "2160767911743013"]
[EventDate "1999.07.02"]
[EventType "swiss"]
[EventRounds "11"]
[EventCountry "CAN"]
[SourceTitle "CA OP"]
[Source "ade"]

1. c4 f5 2. g3 Nf6 3. Bg2 e6 4. d3 Be7 5. Nc3 O-O 6. e3 d5 7. cxd5 exd5 8. Qb3 c6 9. Nge2 Na6 10. O-O Nc5 11. Qc2 Ne6 12. d4 Qe8 13. Nf4 Nxf4 14. gxf4 Ne4 15. Na4 Bh4 16. f3 Nd6 17. Nc5 Rf6 18. Nd3 Rh6 19. h3 Nf7 20. Bd2 g5 21. fxg5 Bxg5 22. f4 Be7 23. Be1 Be6 24. Kh2 Kh8 25. Qf2 Qg8 26. Qf3 Qg6 27. Rg1 Qg7 28. Bf2 Rg6 29. Bh1 Rg8 30. Ne5 Rxg1 31. Nxf7+ Qxf7 32. Rxg1 Rxg1 33. Kxg1 Qg6+ 34. Kh2 Bf7 35. Qd1 Qh5 36. Bf3 Qh6 37. Qa4 Bh4 38. Bxh4 Qxh4 39. Qxa7 Qf2+ 40. Bg2 Qxe3 41. Qb8+ Kg7 42. Qe5+ Qxe5 43. fxe5 Bh5 44. Kg3 Be2 45. Kf4 Kg6 46. a4 Bd1 47. a5 Be2 48. Bf3 Bd3 49. h4 h6 50. b4 Kf7 51. Bh5+ Ke6 52. Be8 Ke7 53. Bg6 Ke6 54. Bh7 Be4 55. Bg8+ Ke7 56. Ke3 Bg2 57. Bh7 Be4 58. Kf4 Ke6 59. Bg6 Bd3 60. Bh5 Bf1 61. Bd1 Bd3 62. Ke3 Be4 63. Ba4 Kd7 64. e6+ Kxe6 65. Bxc6 Kd6 66. Bxb7 Kc7 67. Ba6 Kb8 68. Be2 Ka7 69. Kf4 Kb7 70. Ke5 Kc6 71. b5+ Kb7 72. b6 Kb8 73. a6 Kc8 74. a7 Kb7 75. Bb5 1-0

[Event "CAN-op"]
[Site "Vancouver CAN"]
[Date "1999.07.03"]
[Round "2"]
[White "Huber, Gregory"]
[Black "Pechisker, Alfred"]
[Result "1-0"]
[WhiteElo "2209"]
[BlackElo "2052"]
[PlyCount "69"]
[GameId "2160767911743014"]
[EventDate "1999.07.02"]
[EventType "swiss"]
[EventRounds "11"]
[EventCountry "CAN"]
[SourceTitle "EXT 2000"]
[Source "ChessBase"]
[SourceDate "1999.11.18"]
[SourceVersion "1"]
[SourceVersionDate "1999.11.18"]
[SourceQuality "1"]

1. e4 c5 2. Nc3 Nc6 3. Nge2 g6 4. d4 cxd4 5. Nxd4 Bg7 6. Nde2 d6 7. g3 Bg4 8. Bg2 Nf6 9. h3 Bd7 10. O-O O-O 11. a4 Nb4 12. Nd5 Nfxd5 13. exd5 Rc8 14. c3 Na6 15. Be3 Qc7 16. Re1 Qb8 17. Nd4 Rfe8 18. Kh2 Nc7 19. Qb3 e5 20. dxe6 Nxe6 21. Nxe6 Bxe6 22. Qxb7 Rc7 23. Qxb8 Rxb8 24. Red1 Rxb2 25. Rxd6 h5 26. Rd8+ Kh7 27. h4 Rxc3 28. Bxa7 Rc7 29. Be3 Be5 30. a5 Rb4 31. Re1 Rxh4+ 32. Kg1 Ra4 33. Bb6 Bxg3 34. fxg3 Rc2 35. Bd4 1-0

[Event "CAN-op"]
[Site "Vancouver CAN"]
[Date "1999.07.03"]
[Round "2"]
[White "Lipnowski, Irwin"]
[Black "Niksic, John"]
[Result "1-0"]
[WhiteElo "2347"]
[BlackElo "2169"]
[PlyCount "79"]
[GameId "2160767911743015"]
[EventDate "1999.07.02"]
[EventType "swiss"]
[EventRounds "11"]
[EventCountry "CAN"]
[SourceTitle "CA OP"]
[Source "ade"]

1. c4 Nf6 2. g3 e6 3. Bg2 c5 4. Nf3 Be7 5. O-O Qc7 6. Nc3 a6 7. d4 cxd4 8. Qxd4 O-O 9. Bf4 d6 10. Qd3 Rd8 11. Rfd1 b6 12. Ng5 Bb7 13. Nce4 Nxe4 14. Bxe4 g6 15. Qf3 Bxe4 16. Nxe4 Nc6 17. Qc3 e5 18. Bh6 f5 19. Ng5 Nd4 20. Rxd4 exd4 21. Qxd4 Bxg5 22. Bxg5 Re8 23. Rd1 Qc5 24. Qd3 Rac8 25. b3 b5 26. cxb5 axb5 27. Be3 Qe5 28. Qxd6 Qxd6 29. Rxd6 Rc2 30. a4 bxa4 31. bxa4 Rxe2 32. a5 Ra2 33. a6 Ra8 34. a7 R2xa7 35. Bxa7 Rxa7 36. Kg2 Kf7 37. Kf3 Re7 38. h4 h6 39. h5 gxh5 40. Rxh6 1-0

[Event "CAN-op"]
[Site "Vancouver CAN"]
[Date "1999.07.03"]
[Round "2"]
[White "Orlov, Georgi"]
[Black "Haessel, Dale"]
[Result "1-0"]
[WhiteElo "2501"]
[BlackElo "2196"]
[PlyCount "63"]
[GameId "2160767911743016"]
[EventDate "1999.07.02"]
[EventType "swiss"]
[EventRounds "11"]
[EventCountry "CAN"]
[SourceTitle "EXT 2000"]
[Source "ChessBase"]
[SourceDate "1999.11.18"]
[SourceVersion "1"]
[SourceVersionDate "1999.11.18"]
[SourceQuality "1"]

1. d4 Nf6 2. c4 e6 3. g3 d5 4. Bg2 Be7 5. Nf3 O-O 6. O-O c6 7. Nc3 b6 8. Ne5 Bb7 9. e4 dxe4 10. Nxe4 Qc8 11. Bg5 Nbd7 12. Nxf6+ Nxf6 13. Qf3 Qd8 14. Nxc6 Bxc6 15. Qxc6 Rc8 16. Qa4 Qxd4 17. b3 Rc7 18. Rad1 Qc3 19. Bf4 e5 20. Rc1 Qb2 21. Rb1 Qc3 22. Rfc1 Qd4 23. Rd1 Qc3 24. Bd2 Qc2 25. Rbc1 Qf5 26. Be3 Ng4 27. Bh3 Qh5 28. Bxg4 Qxg4 29. Rd5 Qe4 30. Rd7 Qb7 31. Rcd1 Rfc8 32. Rxc7 1-0

[Event "CAN-op"]
[Site "Vancouver CAN"]
[Date "1999.07.03"]
[Round "2"]
[White "Palsson, Halldor"]
[Black "Cummings, David"]
[Result "0-1"]
[WhiteElo "2182"]
[BlackElo "2357"]
[PlyCount "98"]
[GameId "2160767911743017"]
[EventDate "1999.07.02"]
[EventType "swiss"]
[EventRounds "11"]
[EventCountry "CAN"]
[SourceTitle "EXT 2000"]
[Source "ChessBase"]
[SourceDate "1999.11.18"]
[SourceVersion "1"]
[SourceVersionDate "1999.11.18"]
[SourceQuality "1"]

1. d4 Nf6 2. c4 e6 3. Nc3 Bb4 4. Qc2 O-O 5. a3 Bxc3+ 6. Qxc3 b6 7. Bg5 Ba6 8. e3 d6 9. Bd3 Nbd7 10. Ne2 c5 11. Qc2 h6 12. Bh4 Rc8 13. Qa4 Bb7 14. f3 cxd4 15. exd4 d5 16. O-O Bc6 17. Qb4 dxc4 18. Bxc4 b5 19. Bb3 Qb6 20. Bf2 a5 21. Qd2 Qa6 22. Nf4 Nd5 23. Nxd5 Bxd5 24. Bxd5 exd5 25. Rfc1 a4 26. Rxc8 Rxc8 27. Rc1 Rxc1+ 28. Qxc1 Nb6 29. Qc6 Qc8 30. Qxc8+ Nxc8 31. Be1 Nd6 32. Kf2 Nc4 33. Bc3 Kh7 34. Ke2 Kg6 35. Kf2 h5 36. h4 Kf5 37. g3 f6 38. Ke2 g5 39. hxg5 fxg5 40. Kf2 g4 41. Ke2 gxf3+ 42. Kxf3 Kg5 43. Kf2 Kg4 44. Kg2 Ne3+ 45. Kh2 Nf1+ 46. Kg2 Nxg3 47. Be1 Ne2 48. Bf2 Nf4+ 49. Kh2 Nd3 0-1

[Event "CAN-op"]
[Site "Vancouver CAN"]
[Date "1999.07.03"]
[Round "2"]
[White "Reddy, Tyler"]
[Black "Fullbrook, Nigel"]
[Result "0-1"]
[WhiteElo "2170"]
[BlackElo "2351"]
[PlyCount "52"]
[GameId "2160767911743018"]
[EventDate "1999.07.02"]
[EventType "swiss"]
[EventRounds "11"]
[EventCountry "CAN"]
[SourceTitle "CA OP"]
[Source "ade"]

1. c4 e5 2. g3 f5 3. Bg2 Nf6 4. Nc3 Nc6 5. e3 Bb4 6. Nd5 Nxd5 7. cxd5 Ne7 8. Ne2 O-O 9. Qb3 Bd6 10. d4 e4 11. O-O b6 12. f3 Ba6 13. fxe4 Bxe2 14. Rf2 fxe4 15. Rxe2 Qe8 16. Bxe4 Qh5 17. Qd3 Rf6 18. Bg2 Nf5 19. Rf2 Raf8 20. Bf3 Qf7 21. Bg2 Nxg3 22. Rxf6 Qxf6 23. Qc2 Qh4 24. h3 Ne2+ 25. Qxe2 Qg3 26. Qf3 Rxf3 0-1

[Event "CAN-op"]
[Site "Vancouver CAN"]
[Date "1999.07.03"]
[Round "2"]
[White "Remedios, Russell"]
[Black "McLean, Brent"]
[Result "1/2-1/2"]
[WhiteElo "2110"]
[BlackElo "2104"]
[PlyCount "36"]
[GameId "2160767911743019"]
[EventDate "1999.07.02"]
[EventType "swiss"]
[EventRounds "11"]
[EventCountry "CAN"]
[SourceTitle "CA OP"]
[Source "ade"]

1. Nf3 d5 2. d4 Nf6 3. c4 e6 4. Bg5 Be7 5. e3 Nbd7 6. Nc3 c6 7. Rc1 O-O 8. Bd3 dxc4 9. Bxc4 Nd5 10. Bxe7 Qxe7 11. O-O Nxc3 12. Rxc3 e5 13. Qc2 e4 14. Nd2 Nf6 15. f3 Bf5 16. fxe4 Bxe4 17. Nxe4 Nxe4 18. Rb3 Nd6 1/2-1/2